000 00651nam a2200265Ia 4500
005 20260121172024.0
008 008 260114s9999 xx 000 0 eng d
020 _a9783030537012
037 _aEBOOK
040 _aCRL
040 _beng
040 _cCRL
041 _2eng
041 _aeng
084 _qCRL
100 _aSven Hroar Klempe
_91083333
245 0 _aTracing the Emergence of Psychology, 1520–1750
260 _bSpringer
260 _bSpringer
260 _c2020
856 _uhttps://link.springer.com/openurl?genre=book&isbn=978-3-030-53701-2
942 _cEBOOK
999 _c1649067
_d1649067